| 000 -CABECERA |
| Campo de control de longitud fija |
01274nam a2200313 c 4500 |
| 003 - IDENTIFICADOR DE NÚMERO DE CONTROL |
| Campo de control |
ES-MaIEF |
| 005 - FECHA Y HORA DE LA ÚLTIMA TRANSACCIÓN |
| Campo de control |
20260420082307.0 |
| 007 - CAMPO FIJO DE DESCRIPCIÓN FÍSICA - INFORMACIÓN GENERAL |
| campo de control de longitud fija |
ta |
| 008 - CAMPO FIJO DE DESCRIPCIÓN FIJA - INFORMACIÓN GENERAL |
| Campo de control de longitud fija |
170314t2025 sp |0|0|00| | s mul |
| 020 ## - INTERNATIONAL STANDARD BOOK NUMBER |
| ISBN |
978-84-09-83437-2 |
| 040 ## - FUENTE DE LA CATALOGACIÓN |
| Centro catalogador de origen |
ES-MaIEF |
| Lengua de catalogación |
spa |
| Centro transcriptor |
ES-MaIEF |
| 041 ## - CÓDIGO DE LENGUA |
| Código de lengua del texto/banda sonora o título independiente |
spa |
| -- |
eng |
| -- |
cat |
| 245 00 - MENCIÓN DE TÍTULO |
| Título |
IEB's report on fiscal federalism and public finance 2025 = Informe IEB sobre federalismo fiscal y finanzas públicas 2025 = Informe sobre federalisme fiscal i finances públiques 2025 |
| 246 ## - VARIANTES DE TÍTULO |
| Título propio/Titulo breve |
Informe IEB sobre federalismo fiscal y finanzas públicas 2025 |
| 260 ## - PUBLICACIÓN, DISTRIBUCIÓN, ETC (PIE DE IMPRENTA) |
| Lugar de publicación, distribución, etc. |
Barcelona |
| Nombre del editor, distribuidor, etc. |
Institut d'Economia de Barcelona (IEB) |
| Fecha de publicación, distribución, etc. |
2025 |
| 300 ## - DESCRIPCIÓN FÍSICA |
| Extensión |
190 p. |
| Dimensiones |
21x30 cm |
| 500 ## - NOTA GENERAL |
| Nota general |
Textos en español, catalán e inglés. |
| 500 ## - NOTA GENERAL |
| Nota general |
En formato electrónico en el Repositorio de la Biblioteca del IEF. |
| 504 ## - NOTA DE BIBLIOGRAFÍA, ETC. |
| Bibliografía, etc. |
Bibliografía. |
| 650 #4 - PUNTO DE ACCESO ADICIONAL DE MATERIA - TÉRMINO DE MATERIA |
| Término de materia o nombre geográfico como elemento inicial |
FEDERALISMO FISCAL |
| 9 (RLIN) |
44156 |
| 650 #4 - PUNTO DE ACCESO ADICIONAL DE MATERIA - TÉRMINO DE MATERIA |
| Término de materia o nombre geográfico como elemento inicial |
HACIENDA PUBLICA |
| 9 (RLIN) |
50201 |
| 650 #4 - PUNTO DE ACCESO ADICIONAL DE MATERIA - TÉRMINO DE MATERIA |
| Término de materia o nombre geográfico como elemento inicial |
HACIENDAS AUTONOMICAS |
| 9 (RLIN) |
45214 |
| 650 #4 - PUNTO DE ACCESO ADICIONAL DE MATERIA - TÉRMINO DE MATERIA |
| Término de materia o nombre geográfico como elemento inicial |
POLITICA FISCAL |
| 9 (RLIN) |
48067 |
| 710 2# - PUNTO DE ACCESO ADICIONAL - NOMBRE DE ENTIDAD CORPORATIVA |
| Nombre de entidad o nombre de jurisdicción como elemento inicial |
Instituto de Estudios Fiscales (Madrid) |
| 9 (RLIN) |
32680 |
| 710 2# - PUNTO DE ACCESO ADICIONAL - NOMBRE DE ENTIDAD CORPORATIVA |
| Nombre de entidad o nombre de jurisdicción como elemento inicial |
Institut d'Economia de Barcelona |
| 9 (RLIN) |
63755 |
| 710 ## - PUNTO DE ACCESO ADICIONAL - NOMBRE DE ENTIDAD CORPORATIVA |
| Nombre de entidad o nombre de jurisdicción como elemento inicial |
Universitat de Barcelona |
| 9 (RLIN) |
71717 |
| 856 ## - ACCESO ELECTRÓNICO |
| Identificador uniforme del recurso URI |
https://ieb.ub.edu/wp-content/uploads/2026/03/IEB_Report_2025.pdf |
| 942 ## - ELEMENTOS KOHA |
| Koha tipo de item |
Libros |